<?xml version="1.0" encoding="UTF-8"?>
<collection xmlns="http://www.loc.gov/MARC21/slim">
 <record>
  <leader>01480pam a22003018a 4500</leader>
  <controlfield tag="001">00023189</controlfield>
  <controlfield tag="005">20190805160857.0</controlfield>
  <controlfield tag="008">110614s2006                  ||||||viesd</controlfield>
  <datafield tag="041" ind1="0" ind2="#">
   <subfield code="a">vie</subfield>
  </datafield>
  <datafield tag="082" ind1="1" ind2="#">
   <subfield code="a">910</subfield>
   <subfield code="b">Đ301L</subfield>
  </datafield>
  <datafield tag="100" ind1="0" ind2="#">
   <subfield code="a">Nguyễn, Phi Hạnh</subfield>
  </datafield>
  <datafield tag="245" ind1="0" ind2="0">
   <subfield code="a">Địa lí các châu lục</subfield>
   <subfield code="b">Giáo trình CĐSP</subfield>
   <subfield code="c">Nguyễn Phi Hạnh</subfield>
   <subfield code="n">T.1</subfield>
   <subfield code="p">Lục địa Phi và Lục địa Á-Âu</subfield>
  </datafield>
  <datafield tag="260" ind1="#" ind2="#">
   <subfield code="a">Hà Nội</subfield>
   <subfield code="b">Giáo Dục</subfield>
   <subfield code="c">2006</subfield>
  </datafield>
  <datafield tag="300" ind1="#" ind2="#">
   <subfield code="c">24 cm.</subfield>
   <subfield code="a">195 tr.</subfield>
  </datafield>
  <datafield tag="653" ind1="#" ind2="#">
   <subfield code="a">Châu Âu</subfield>
  </datafield>
  <datafield tag="653" ind1="#" ind2="#">
   <subfield code="a">Châu Á</subfield>
  </datafield>
  <datafield tag="653" ind1="#" ind2="#">
   <subfield code="a">Châu Phi</subfield>
  </datafield>
  <datafield tag="653" ind1="#" ind2="#">
   <subfield code="a">Dân cư</subfield>
  </datafield>
  <datafield tag="653" ind1="#" ind2="#">
   <subfield code="a">Địa lí tự nhiên</subfield>
  </datafield>
  <datafield tag="653" ind1="#" ind2="#">
   <subfield code="a">xã hội</subfield>
  </datafield>
  <datafield tag="653" ind1="#" ind2="#">
   <subfield code="a">lục địa</subfield>
  </datafield>
  <datafield tag="774" ind1="#" ind2="#">
   <subfield code="a">Nguyễn Phi Hạnh</subfield>
  </datafield>
  <datafield tag="852" ind1="#" ind2="#">
   <subfield code="b">Kho giáo trình</subfield>
   <subfield code="j">KGT.0025690, KGT.0025691, KGT.0025692, KGT.0025693, KGT.0025694, KGT.0025695, KGT.0025696, KGT.0025697</subfield>
  </datafield>
  <datafield tag="852" ind1="#" ind2="#">
   <subfield code="j">KGT.0025690</subfield>
   <subfield code="j">KGT.0025691</subfield>
   <subfield code="j">KGT.0025693</subfield>
   <subfield code="j">KGT.0025694</subfield>
   <subfield code="j">KGT.0025696</subfield>
   <subfield code="j">KGT.0025697</subfield>
   <subfield code="j">KD.0009923</subfield>
   <subfield code="j">KGT.0025692</subfield>
   <subfield code="j">KGT.0025695</subfield>
   <subfield code="j">KM.0032551</subfield>
   <subfield code="j">KM.0032552</subfield>
   <subfield code="j">KM.0032553</subfield>
   <subfield code="j">KM.0032554</subfield>
   <subfield code="j">KM.0032555</subfield>
   <subfield code="j">KM.0032556</subfield>
   <subfield code="j">KM.0032557</subfield>
   <subfield code="j">KM.0032558</subfield>
   <subfield code="j">KM.0032559</subfield>
   <subfield code="j">KM.0032560</subfield>
   <subfield code="j">KM.0032561</subfield>
   <subfield code="j">KM.0032562</subfield>
   <subfield code="j">KM.0032563</subfield>
   <subfield code="j">KM.0032564</subfield>
   <subfield code="j">KM.0032565</subfield>
   <subfield code="j">KM.0032566</subfield>
   <subfield code="j">KM.0032567</subfield>
   <subfield code="j">KM.0032568</subfield>
   <subfield code="j">KM.0032569</subfield>
   <subfield code="j">KM.0032570</subfield>
   <subfield code="j">KM.0032571</subfield>
   <subfield code="j">KM.0032572</subfield>
   <subfield code="j">KM.0032573</subfield>
   <subfield code="j">KM.0032574</subfield>
  </datafield>
  <datafield tag="852" ind1="#" ind2="#">
   <subfield code="b">Kho đọc</subfield>
   <subfield code="j">KD.0009923</subfield>
  </datafield>
  <datafield tag="852" ind1="#" ind2="#">
   <subfield code="b">Kho mượn</subfield>
   <subfield code="j">KGT.0025690</subfield>
  </datafield>
  <datafield tag="910" ind1="#" ind2="#">
   <subfield code="d">14/06/2011</subfield>
   <subfield code="e">dtchanh</subfield>
   <subfield code="f">05/08/2019</subfield>
  </datafield>
  <datafield tag="980" ind1="#" ind2="#">
   <subfield code="a">Trung tâm Học liệu Lê Vũ Hùng, Trường Đại học Đồng Tháp</subfield>
  </datafield>
 </record>
</collection>
<br />
<b>Notice</b>:  fwrite(): write of 437 bytes failed with errno=28 No space left on device in <b>C:\vufind\module\VuFind\src\VuFind\Session\File.php</b> on line <b>152</b><br />
Cannot write session to C:\Windows\TEMP\vufind_sessions/sess_rcidhl052tqbo7u1uivsl4braa
<br />
<b>Warning</b>:  session_write_close(): Failed to write session data using user defined save handler. (session.save_path: \xampp\tmp) in <b>C:\vufind\vendor\laminas\laminas-session\src\SessionManager.php</b> on line <b>235</b><br />
